| 000 | 00814nam a2200217Ia 4500 | ||
|---|---|---|---|
| 001 | L035-246 | ||
| 003 | IT-CnALBA | ||
| 008 | 170116s9999||||xx |||||||||||||| ||und|| | ||
| 040 |
_aIT-CnALBA _cIT-CnALBA |
||
| 041 | _aITALIANO | ||
| 100 | _aAA. VV. | ||
| 245 | 0 | _aGRANDE ENCICLOPEDIA POPOLARE SONZOGNO | |
| 250 | _a1a ed. | ||
| 260 |
_aMILANO _bSONZOGNO EDOARDO, EDITORE. _cn.d. |
||
| 500 | _aENCICLOPEDIA MUTILA: MANCANO I VOLUMI A COMINCIARE DALLA LETTERA G E BUONA PARTE DELLA LETTERA F. | ||
| 501 | _aSocietà San Paolo EM - Piazza San Paolo, 14 - 12051 ALBA (CN) (non commercial uses only) ® Copyright 2017 | ||
| 520 | _aENCICLOPEDIA MUTILA: MANCANO I VOLUMI A COMINCIARE DALLA LETTERA G E BUONA PARTE DELLA LETTERA F. | ||
| 650 | _aENCICLOPEDIE IN ITALIANO | ||
| 942 | _cBK | ||
| 957 | _71 | ||
| 999 |
_a345 _bNO _g Copie: 1 _c259482 _d259482 |
||